000 00450nam a2200181 a 4500
001 28277
005 20180713231133.0
008 140415s2004 000 0 spa d
020 _a9701042840
041 _aspa
082 _a302.2231
_bMCE
100 1 _aEILEEN, MCENTEC
245 1 0 _aCOMUNICACIÓN ORAL
250 _a2° EDICIÓN
260 _a[s.l.] :
_bMC GRAW HILL,
_c2004
300 _a159
_c22 x 2.05 x 28
520 _aRP
999 _c28277
_d28277